00564nam a2200193Ia 450000500170000000800410001704000190005804100120007708200160008910000200010524500470012526000560017230000180022850400500024663000300029665000210032665100130034785000100036020230605104712.0131103s9999 xx 000 0 und d aLoreto College aEnglish a940.18bRUN aRunciman,Steven 2aA history of the crusadescSteven Runciman aHarmoundsworthbPenguin Booksc1952 (1965 printing) a2 V.b plates aIncludes bibliographical references and index aEurope - Medieval History aMedieval History aCrusades aLCLIB